000 00773nam a2200265 a 4500
008
020 _a0340859660 (pbk. )
049 _aMAIN
090 _aPN1995
_bBUC
100 1 _aBuckland, Warren.
245 1 0 _aFilm studies /
_cWarren Buckland.
260 _aLondon :
_bHodder Headline,
_c2003.
300 _avii, 205 p. :
_bill. ;
_c20 cm.
440 _aTeach Yourself Books.
504 _aIncludes bibliographical references.
500 _aIncludes index.
650 0 _aFilm studies
_xconcepts.
650 0 _aFilm studies
_xgenres.
650 0 _aFilm studies
_xtheory and practice.
907 _a.b10239868
_b13-06-14
_c23-04-07
003
005 20230123134428.0
040 _cNUST
942 _cBOOKS
_kPN1995
_mBUC
999 _c165762
_d165762